Digit5al Signal Processing (0 19 513638 1)

Gardado en:
Detalles Bibliográficos
Autor Principal: CHi-TSONG CHEN
Formato: Libro
Idioma:Undetermined
Publicado: Oxford 2000
Các nhãn: Engadir etiqueta
Sen Etiquetas, Sexa o primeiro en etiquetar este rexistro!
Thư viện lưu trữ: Trung tâm Học liệu Trường Đại học Cần Thơ
LEADER 00410nam a2200145Ia 4500
001 CTU_49525
008 210402s9999 xx 000 0 und d
082 |a 621.8322 
082 |b C518 
100 |a CHi-TSONG CHEN 
245 0 |a Digit5al Signal Processing (0 19 513638 1) 
245 0 |c CHi-TSONG CHEN, CH TSONG CHEN 
260 |b Oxford 
260 |c 2000 
980 |a Trung tâm Học liệu Trường Đại học Cần Thơ